000 00680nam a2200217Ia 4500
003 OSt
005 20260302153749.0
008 220923b |||||||| |||| 00| 0 eng d
020 _a9780199464821
037 _cGeneral Book
040 _aRTL
_cRTL
_beng
041 _2eng
_aeng
084 _aY:4582, Q6
_qRTL
245 0 _aViolence studies
260 _a New Delhi
_bOxford University Press
_c2016
300 _avii, 396 p.
_bIncludes bibliographical references and index
650 _aSociology
700 _aKannabiran Kalpana
_eEditor
942 _hY:4582, Q6
_cGB
_2CC
999 _c607851
_d607851